000 00937nam a2200301Ia 4500
003 OSt
005 20221007124527.0
006 a|||||r|||| 00| 0
007 ta
008 221006b |||||||| |||| 00| 0 eng d
020 _a9781403906847 (pbk)
024 _a189957
037 _b293, 24/03/2014, N R Book Distributors
_cTextual
040 _aCDL
_cCDL
_beng
041 _2eng
_aeng
082 _aE5:3,T5, L5;N1;11-;12 Carc
100 _aKemp William
245 0 _aOrganic spectroscopy
250 _a3
260 _aNew
_bYork Palgrave
_c1991
300 _axxii; 393p.
_ccm.
500 _aInclude bibliographical references.; Index 384-393p.
650 _a Electromagnetic Spectrum
_9719497
650 _a Organic spectroscopy
650 _aChemistry
942 _hE5:3,T5, L5;N1;11-;12 Carc
_cTEXL
_2CC
999 _c1213669
_d1213669